LEADER 00904nam0-22003131i-450- 001 990004085390403321 005 20061023115045.0 010 $a88-2450-383-7 035 $a000408539 035 $aFED01000408539 035 $a(Aleph)000408539FED01 035 $a000408539 100 $a19990604d1986----km-y0itay50------ba 101 0 $aita 105 $aa-------00-y- 200 1 $a<>primi moderni$edal classico al neoclassico$fRykwert Joseph$gtraduzione di Francesca Sforza 210 $aMilano$cEdizioni Comunità$d1986 215 $a679 p.$cill,$d24 cm 225 1 $aProspettive 676 $a724.1$v21$zita 700 1$aRykwert,$bJoseph$f<1926- >$010443 702 1$aSforza,$bFrancesca 801 0$aIT$bUNINA$gRICA$2UNIMARC 901 $aBK 912 $a990004085390403321 952 $a724.1 RYK 1$bDDS.2528$fFLFBC 959 $aFLFBC 996 $aPrimi moderni$9123040 997 $aUNINA LEADER 01393nam2-2200385li-450 001 990000239870203316 005 20180312154827.0 010 $a0-471-90971-8 035 $a0023987 035 $aUSA010023987 035 $a(ALEPH)000023987USA01 035 $a0023987 100 $a20001109h19841987km-y0itay0103----ba 101 0 $aeng 102 $aUS 200 1 $a<> diary on information theory$fAlfréd Rényi$g[traduzione di Zsuzsanna Makkai-Bencsath] 210 $aChichester [etc.]$cJohn Wiley & Sons$dcopyr. 1984$hstampa 1987 215 $aIX, 125 p.$cill.$d24 cm 225 2 $aWiley series in probability and mathematical statistics. Applied probability and statistics$v0 300 $atrad di:naplo az informacioelmeletrol 410 0$10010023985$12001$aWiley series in probability and mathematical statistics. Applied probability and statistics 610 1 $ateoria dell'informazione 676 $a00354$9Teoria dell'informazione 700 1$aRènyi,$bAlfréd$0424543 801 $aSistema bibliotecario di Ateneo dell' Università di Salerno$gRICA 912 $a990000239870203316 951 $a003.54 REN (A)$b0013670 959 $aBK 969 $aSCI 979 $c19930531 979 $c20001110$lUSA01$h1715 979 $c20020403$lUSA01$h1632 979 $aPATRY$b90$c20040406$lUSA01$h1617 996 $aDiary on information theory$9384809 997 $aUNISA LEADER 01024nam2-22003491i-450 001 990000018230203316 005 20210111114612.0 010 $a88-87467-00-5 035 $a0001823 035 $aUSA010001823 035 $a(ALEPH)000001823USA01 035 $a0001823 100 $a20000914d1999----km-y0ITAy01------ba 101 0 $aita 102 $aIT 200 1 $aFragmente$fherausgeben von Giuseppe Di Costanzo, Michael Erbe, Wolfgang Neugebauer.$v1 210 $aBari$cPalomar$d1999 215 $a306 p.$d21 cm 225 $aAthenaeum$v17 410 $12001$aAthenaeum$v17 461 $1001001822$12001$aAllgemeine Verfassungs- und Verwaltungsgeschichte der neueren Staaten 676 $a321 700 1$aHINTZE,$bOtto.$0143908 702 1$aERBE,$bMichael 702 1$aNEUGEBAUER,$bWolfgang 702 $aDI COSTANZO,$bGiuseppe 912 $a990000018230203316 951 $aX.2.B. 1166/1(II na 321 HIN)$b148725 L.M.$cII na 959 $aBK 969 $aUMA 996 $aFragmente$91519329 997 $aUNISA